000 00506cam a2200205ua 4500
001 8119
008 150109n ii |||gr||||Z||||||hin
020 _a8125908544
040 _cMAIN
041 _ahin
082 _a891.433
100 _aPremchand,
_eAuthor.
245 _aVardan :
_bSanskhipta sanskatan /
_cBy Premchand .
250 _a1st.
260 _aNew Delhi:
_bVikas,
_c2001.
300 _a164p.
653 _aEast Indo-European & Celtic literatures
653 _aHindi novels
942 _cBK
999 _c7234
_d7234